[Event "Villa Martelli Rubinstein Memorial"]
[Site "Villa Martelli"]
[Date "2008.08.05"]
[Round "8.7"]
[White "Pineyro, Mariano Victor"]
[Black "Ricchio, Mario Alberto"]
[Result "1/2-1/2"]
[WhiteElo "1957"]
[BlackElo "1893"]
[PlyCount "90"]
[EventDate "2008.07.29"]
[EventType "swiss"]
[EventRounds "9"]
[EventCountry "ARG"]
[SourceTitle "EXT 2024"]
[Source "ChessBase"]
[SourceDate "2023.10.10"]
[SourceVersion "1"]
[SourceVersionDate "2023.10.10"]
[SourceQuality "1"]

1. d4 d5 2. c4 c6 3. e3 Nf6 4. Nc3 Bf5 5. Nf3 e6 6. Qb3 Qc7 7. h3 Nbd7 8. Nh4 Be4 9. Nxe4 dxe4 10. g3 h5 11. Bd2 a5 12. Ng2 a4 13. Qc2 c5 14. Bc3 Be7 15. Nf4 e5 16. dxe5 Nxe5 17. Bxe5 Qxe5 18. Nd5 Nxd5 19. cxd5 0-0 20. Bg2 f5 21. g4 Qxd5 22. gxf5 Qxf5 23. Bxe4 Qe5 24. 0-0-0 a3 25. f4 Qxb2+ 26. Qxb2 axb2+ 27. Kxb2 Rfd8 28. Bd5+ Kf8 29. e4 Rd6 30. Rd3 Ra4 31. Rb3 Rd7 32. Rc1 Bf6+ 33. Kb1 Bd4 34. Bxb7 Rb4 35. Rxb4 cxb4 36. Bd5 Bc3 37. Rg1 Bd2 38. Rg5 h4 39. Rh5 Be1 40. Rh8+ Ke7 41. Rg8 Kd6 42. Rc8 Ke7 43. Kc1 Bg3 44. f5 Rc7+ 45. Rxc7+ Bxc7 1/2-1/2

[Event "Villa Martelli Rubinstein Memorial"]
[Site "Villa Martelli"]
[Date "2008.08.04"]
[Round "7.4"]
[White "Krysa, Leandro Sergio"]
[Black "Pineyro, Mariano Victor"]
[Result "1-0"]
[WhiteElo "2066"]
[BlackElo "1957"]
[PlyCount "65"]
[EventDate "2008.07.29"]
[EventType "swiss"]
[EventRounds "9"]
[EventCountry "ARG"]
[SourceTitle "EXT 2024"]
[Source "ChessBase"]
[SourceDate "2023.10.10"]
[SourceVersion "1"]
[SourceVersionDate "2023.10.10"]
[SourceQuality "1"]

1. d4 Nf6 2. c4 e6 3. Nf3 b6 4. g3 Ba6 5. Qa4 Bb7 6. Bg2 Be7 7. 0-0 0-0 8. Nc3 d6 9. Qc2 d5 10. Ne5 Na6 11. Rd1 h6 12. a3 Qc8 13. e4 dxe4 14. Nxe4 Nxe4 15. Bxe4 Bxe4 16. Qxe4 Bf6 17. b4 c5 18. b5 Bxe5 19. dxe5 Nc7 20. Be3 Qe8 21. a4 f5 22. exf6 Rxf6 23. Bf4 Rc8 24. a5 e5 25. Bxe5 Re6 26. f4 g5 27. Kh1 Rd8 28. axb6 Rxd1+ 29. Rxd1 axb6 30. Qf5 Qh5 31. Rd8+ Re8 32. g4 Qh3 33. Qg6+ 1-0

[Event "Villa Martelli Rubinstein Memorial"]
[Site "Villa Martelli"]
[Date "2008.07.31"]
[Round "3.2"]
[White "Fell, Sebastian"]
[Black "Pineyro, Mariano Victor"]
[Result "1-0"]
[WhiteElo "2105"]
[BlackElo "1957"]
[PlyCount "63"]
[EventDate "2008.07.29"]
[EventType "swiss"]
[EventRounds "9"]
[EventCountry "ARG"]
[SourceTitle "EXT 2024"]
[Source "ChessBase"]
[SourceDate "2023.10.10"]
[SourceVersion "1"]
[SourceVersionDate "2023.10.10"]
[SourceQuality "1"]

1. e4 e5 2. Nf3 Nc6 3. Bb5 a6 4. Ba4 Nf6 5. 0-0 b5 6. Bb3 Be7 7. Re1 0-0 8. h3 d6 9. c3 Na5 10. Bc2 c5 11. d4 Qc7 12. Nbd2 Rd8 13. d5 c4 14. Nf1 Nb7 15. a4 Bd7 16. Ng3 Ne8 17. Nf5 Bxf5 18. exf5 Nc5 19. Be3 f6 20. Bxc5 Qxc5 21. Nd4 Rd7 22. Ne6 Qc8 23. Qh5 Bf8 24. Re4 Rb8 25. Rh4 Rdb7 26. Qxh7+ Kf7 27. Qg6+ Ke7 28. Rh8 Nc7 29. Nxg7 Nxd5 30. Ne6 Kd7 31. Rxf8 Qxf8 32. Nxf8+ 1-0

[Event "LNA Puma Cup"]
[Site "Argentina"]
[Date "2006.10.15"]
[Round "7"]
[White "Pineyro, Mariano Victor"]
[Black "Obregon, Carlos Andres"]
[Result "0-1"]
[WhiteElo "1994"]
[BlackElo "2333"]
[PlyCount "84"]
[EventDate "2006.09.03"]
[EventType "swiss"]
[EventRounds "8"]
[EventCountry "ARG"]
[SourceTitle "EXT 2008"]
[Source "ChessBase"]
[SourceDate "2007.11.25"]
[SourceVersion "1"]
[SourceVersionDate "2007.11.25"]
[SourceQuality "1"]

1. d4 Nf6 2. c4 c5 3. d5 e6 4. Nc3 exd5 5. cxd5 d6 6. e4 g6 7. Nf3 Bg7 8. Bb5+ Bd7 9. Bxd7+ Nbxd7 10. Bf4 Qe7 11. Qc2 0-0 12. Nd2 Nh5 13. Be3 f5 14. f3 f4 15. Bf2 Ne5 16. Ne2 b5 17. 0-0 g5 18. b4 c4 19. Bd4 a5 20. bxa5 Rxa5 21. Bc3 Qa7+ 22. Bd4 Qa6 23. g4 fxg3 24. hxg3 Ra3 25. Kg2 b4 26. g4 Nf4+ 27. Nxf4 Rxf4 28. Bb2 Nxg4 29. Nxc4 Qxc4 30. Qxc4 Ne3+ 31. Kh1 Nxc4 32. Bxa3 Nxa3 33. Rad1 Kf7 34. Kg2 Kg6 35. Rd3 Rf7 36. Rb3 Bc3 37. Rc1 Ra7 38. e5 dxe5 39. d6 Nb5 40. Rd1 Rd7 41. a4 Nd4 42. Rbb1 Rxd6 0-1

[Event "Villa Martelli op"]
[Site "Villa Martelli"]
[Date "2006.??.??"]
[Round "7"]
[White "Bernal, Lucas"]
[Black "Pineyro, Mariano Victor"]
[Result "1-0"]
[WhiteElo "1955"]
[BlackElo "1990"]
[PlyCount "77"]
[EventDate "2006.07.??"]
[EventType "swiss"]
[EventRounds "9"]
[EventCountry "ARG"]
[SourceTitle "EXT 2008"]
[Source "ChessBase"]
[SourceDate "2007.11.25"]
[SourceVersion "1"]
[SourceVersionDate "2007.11.25"]
[SourceQuality "1"]

1. d4 Nf6 2. c4 e6 3. g3 d5 4. Bg2 c5 5. Nf3 cxd4 6. cxd5 Bb4+ 7. Bd2 Bxd2+ 8. Nbxd2 Qxd5 9. Qa4+ Nc6 10. 0-0 0-0 11. Nb3 Qd8 12. Nbxd4 Nxd4 13. Qxd4 Qxd4 14. Nxd4 Bd7 15. Rac1 e5 16. Nb3 e4 17. e3 Bb5 18. Rfd1 b6 19. Nd4 Bd7 20. Rc7 Bg4 21. Rdc1 Rfc8 22. a3 Rxc7 23. Rxc7 Nd5 24. Rc4 Re8 25. Nb5 Be2 26. Rxe4 Rxe4 27. Bxe4 Nxe3 28. Nxa7 Nc4 29. Nc8 b5 30. Na7 Nd6 31. Bc6 Kf8 32. f4 Ke7 33. Kf2 Bc4 34. Ke3 Nf5+ 35. Ke4 Nd6+ 36. Kd4 Nf5+ 37. Kc5 Ne3 38. Bxb5 Bxb5 39. Nxb5 1-0

[Event "Vicente Lopez IRT op"]
[Site "Vicente Lopez"]
[Date "2004.07.16"]
[Round "8"]
[White "Pineyro, Mariano Victor"]
[Black "Batinov, Alex"]
[Result "1/2-1/2"]
[WhiteElo "2002"]
[BlackElo "2164"]
[PlyCount "67"]
[EventDate "2004.07.09"]
[EventType "swiss"]
[EventRounds "10"]
[EventCountry "ARG"]
[SourceTitle "EXT 2005"]
[Source "ChessBase"]
[SourceDate "2004.11.15"]
[SourceVersion "1"]
[SourceVersionDate "2004.11.15"]
[SourceQuality "1"]

1. e4 c6 2. d4 d5 3. Nc3 dxe4 4. Nxe4 Bf5 5. Ng3 Bg6 6. h4 h6 7. h5 Bh7 8. Nf3 Nd7 9. Bd3 Bxd3 10. Qxd3 Qc7 11. Bd2 e6 12. 0-0-0 Ngf6 13. c4 0-0-0 14. Ne4 Nc5 15. Nxc5 Bxc5 16. Rh4 Rhe8 17. Bc3 Kb8 18. Qc2 Bd6 19. g3 Qe7 20. Ba5 b6 21. Bc3 Bc7 22. b4 b5 23. Ne5 Bxe5 24. dxe5 Rxd1+ 25. Qxd1 Nd7 26. c5 Kc8 27. Qf3 Kb7 28. Rg4 Rg8 29. Qd3 a6 30. Qh7 Qf8 31. Qd3 Qe7 32. Qh7 Qf8 33. Qd3 Qe7 34. Qh7 1/2-1/2

[Event "Vicente Lopez IRT op"]
[Site "Vicente Lopez"]
[Date "2003.08.02"]
[Round "9.12"]
[White "Rojas Sotelo, Ruben"]
[Black "Pineyro, Mariano Victor"]
[Result "1-0"]
[WhiteElo "2118"]
[BlackElo "2000"]
[PlyCount "53"]
[EventDate "2003.07.25"]
[EventType "swiss"]
[EventRounds "10"]
[EventCountry "ARG"]
[SourceTitle "CBM 095 Extra"]
[Source "ChessBase"]
[SourceDate "2003.09.04"]
[SourceVersion "1"]
[SourceVersionDate "2003.09.04"]
[SourceQuality "1"]

1. d4 d5 2. c4 c6 3. Nf3 Nf6 4. Nc3 dxc4 5. Ne5 Bf5 6. g3 Nbd7 7. Nxc4 e6 8. Bg2 Rc8 9. e4 Bg6 10. Bg5 h6 11. Bf4 Nb8 12. 0-0 Be7 13. Qb3 b6 14. Ne5 Bh7 15. d5 g5 16. dxe6 gxf4 17. Rad1 Qc7 18. Nxf7 Kf8 19. Nxh8 Kg7 20. Nf7 fxg3 21. fxg3 Bc5+ 22. Kh1 Ng4 23. e5 Nf2+ 24. Rxf2 Bxf2 25. Rf1 Bc5 26. Qc4 Be3 27. Qg4+ 1-0

[Event "Vicente Lopez IRT op"]
[Site "Vicente Lopez"]
[Date "2003.07.27"]
[Round "3.11"]
[White "Bernal, Gustavo"]
[Black "Pineyro, Mariano Victor"]
[Result "0-1"]
[WhiteElo "2142"]
[BlackElo "2000"]
[PlyCount "98"]
[EventDate "2003.07.25"]
[EventType "swiss"]
[EventRounds "10"]
[EventCountry "ARG"]
[SourceTitle "CBM 095 Extra"]
[Source "ChessBase"]
[SourceDate "2003.09.04"]
[SourceVersion "1"]
[SourceVersionDate "2003.09.04"]
[SourceQuality "1"]

1. d4 d5 2. c4 e6 3. Nf3 Nf6 4. g3 c6 5. Bg2 Be7 6. 0-0 0-0 7. Qc2 Nbd7 8. Bf4 Nh5 9. Bd2 f5 10. b4 dxc4 11. a4 Ndf6 12. Qxc4 Ne4 13. Be1 Qd5 14. Qc2 Qd8 15. Nbd2 Nhf6 16. Nc4 Bd7 17. a5 Rc8 18. a6 b6 19. Nfe5 Be8 20. Rd1 Qc7 21. Qb3 Nd5 22. Nd3 Bf6 23. Nce5 g5 24. Rc1 Be7 25. b5 c5 26. dxc5 bxc5 27. f3 Nef6 28. Bf2 Rb8 29. e4 Rxb5 30. Qc4 fxe4 31. fxe4 Nb4 32. Qxe6+ Kg7 33. Nxb4 Rxb4 34. Be1 Rb6 35. Qf5 Nd7 36. Bc3 Rxf5 37. Nxd7+ Rff6 38. Nxb6 Qxb6 39. Rf5 c4+ 40. Kh1 Qe3 41. Bxf6+ Bxf6 42. Rxc4 Qe1+ 43. Rf1 Qa5 44. Rc8 Bd7 45. Rb8 Qxa6 46. e5 Bxe5 47. Rb7 Qa4 48. Bd5 Kh6 49. Re1 Bc6 0-1